[Event "POL-chT U19 2nd League"]
[Site "Iwonicz"]
[Date "2016.07.31"]
[Round "3.66"]
[White "Gorna, Anna"]
[Black "Mazurek, Maja"]
[Result "0-1"]
[WhiteElo "1078"]
[BlackElo "1103"]
[PlyCount "86"]
[EventDate "2016.07.23"]
[EventType "team-swiss"]
[EventRounds "11"]
[EventCountry "POL"]
[SourceTitle "EXT 2019"]
[Source "ChessBase"]
[SourceDate "2018.10.10"]
[SourceVersion "1"]
[SourceVersionDate "2018.10.10"]
[SourceQuality "1"]
[WhiteTeam "Czestochowa UKS Hetman U19"]
[BlackTeam "Brzozow UKS SP 1 U19"]
[WhiteTeamCountry "POL"]
[BlackTeamCountry "POL"]

1. e4 e5 2. Nf3 d6 3. d3 Be7 4. Nc3 Nf6 5. Be2 0-0 6. 0-0 Nc6 7. h3 Be6 8. Be3 Nd7 9. Qd2 f6 10. d4 Bf7 11. d5 Nb4 12. a3 Na6 13. Na2 Nac5 14. Bd3 Bg6 15. Bxc5 Nxc5 16. Rfe1 Be8 17. c4 Nb3 18. Qc2 Nxa1 19. Rxa1 Bd7 20. Nd2 Qe8 21. Rf1 Qg6 22. g4 Qh6 23. Kg2 Kh8 24. f3 Qh4 25. Nb3 Rg8 26. c5 Rab8 27. Nb4 g6 28. c6 bxc6 29. dxc6 Be6 30. Bc4 Bxc4 31. Qxc4 Rbf8 32. Qe6 f5 33. Nd5 Bd8 34. exf5 gxf5 35. Nd2 Qg5 36. f4 exf4 37. Rxf4 Re8 38. Qc8 Re2+ 39. Rf2 Rxf2+ 40. Kxf2 Qxd2+ 41. Kf3 Qxd5+ 42. Kf2 Bh4+ 43. Ke2 Rxc8 0-1

[Event "POL-chT U19 2nd League"]
[Site "Iwonicz"]
[Date "2016.07.31"]
[Round "11.54"]
[White "Hryn, Aleksandra"]
[Black "Mazurek, Maja"]
[Result "1-0"]
[WhiteElo "1471"]
[BlackElo "1103"]
[PlyCount "107"]
[EventDate "2016.07.23"]
[EventType "team-swiss"]
[EventRounds "11"]
[EventCountry "POL"]
[SourceTitle "EXT 2019"]
[Source "ChessBase"]
[SourceDate "2018.10.10"]
[SourceVersion "1"]
[SourceVersionDate "2018.10.10"]
[SourceQuality "1"]
[WhiteTeam "Gliwice Akademia Szachowa U19"]
[BlackTeam "Brzozow UKS SP 1 U19"]
[WhiteTeamCountry "POL"]
[BlackTeamCountry "POL"]

1. e4 e5 2. Nf3 d6 3. d4 f6 4. Nc3 Nc6 5. Be2 Bg4 6. Be3 Bd7 7. Qd2 f5 8. exf5 Bxf5 9. a3 Nf6 10. 0-0-0 Be7 11. h3 0-0 12. Rhg1 Qe8 13. g4 Be4 14. Ng5 Qg6 15. f3 Bd5 16. dxe5 dxe5 17. Nxd5 Nxd5 18. Qxd5+ Kh8 19. h4 h6 20. Bd3 Qf6 21. Qe4 g6 22. Rh1 Kg7 23. Nh3 Rad8 24. Bxh6+ Kh8 25. Bxf8 Rxf8 26. Rdf1 Qg7 27. Ng5 Qf6 28. Qxg6 Qxg6 29. Bxg6 Kg8 30. Be4 Bxg5+ 31. hxg5 Rd8 32. Bxc6 bxc6 33. Rh6 c5 34. Re6 Rd5 35. Re1 e4 36. R1xe4 Rxg5 37. R4e5 Rg7 38. Re8+ Kh7 39. R8e7 Rxe7 40. Rxe7+ Kg6 41. Kd2 Kg5 42. Ke3 Kf6 43. Rxc7 a5 44. f4 a4 45. g5+ Kg6 46. Ke4 c4 47. Ke5 c3 48. f5+ Kxg5 49. bxc3 Kh6 50. f6 Kg6 51. Rg7+ Kh6 52. Rg1 Kh7 53. f7 Kh6 54. f8Q+ 1-0

[Event "POL-chT U19 2nd League"]
[Site "Iwonicz"]
[Date "2016.07.31"]
[Round "6.60"]
[White "Mazurek, Maja"]
[Black "Partyka, Justyna"]
[Result "0-1"]
[WhiteElo "1103"]
[BlackElo "1150"]
[PlyCount "128"]
[EventDate "2016.07.23"]
[EventType "team-swiss"]
[EventRounds "11"]
[EventCountry "POL"]
[SourceTitle "EXT 2019"]
[Source "ChessBase"]
[SourceDate "2018.10.10"]
[SourceVersion "1"]
[SourceVersionDate "2018.10.10"]
[SourceQuality "1"]
[WhiteTeam "Brzozow UKS SP 1 U19"]
[BlackTeam "Strzelce Krajenskie STMGK U19"]
[WhiteTeamCountry "POL"]
[BlackTeamCountry "POL"]

1. d4 Nf6 2. e3 d6 3. Bd3 e5 4. c3 Be7 5. f4 e4 6. Bc2 d5 7. Nd2 Ng4 8. Nb3 Bh4+ 9. g3 Nxh2 10. Ne2 Nf3+ 11. Kf1 Be7 12. Nd2 Nxd2+ 13. Bxd2 Nd7 14. Ba4 0-0 15. Bxd7 Qxd7 16. Qc2 b6 17. Kf2 Qg4 18. Rag1 a5 19. Ke1 Ba6 20. Rh2 Rfd8 21. Qd1 Rd6 22. Bc1 Rg6 23. Kd2 Rd8 24. Kc2 Rdd6 25. Kb1 Bd3+ 26. Ka1 Qf3 27. Qe1 Rh6 28. Rf2 Qg4 29. Bd2 Rdg6 30. f5 Rg5 31. Qf1 Bxe2 32. Qxe2 Qxe2 33. Rxe2 Rxf5 34. g4 Rg5 35. Rf2 Rhg6 36. Rfg2 f5 37. Be1 Rxg4 38. Rxg4 Rxg4 39. Rf1 c6 40. Bd2 h5 41. Kb1 g6 42. Rh1 Bg5 43. Kc2 Rg3 44. Re1 Kg7 45. Kb3 h4 46. Rh1 b5 47. a4 Kh6 48. axb5 cxb5 49. Ka3 Kh5 50. Re1 h3 51. b3 Kg4 52. c4 bxc4 53. bxc4 dxc4 54. Bxa5 Rxe3+ 55. Rxe3 Bxe3 56. Bc7 Bxd4 57. Kb4 c3 58. Kb3 e3 59. Kc2 e2 60. Kd3 e1Q 61. Kxd4 Qf2+ 62. Kd3 c2 63. Bb6 Qxb6 64. Kxc2 Qd4 0-1